Home Print Resources E-Books E-Journals IIMT Lecture Series Library Membership Form Book Recommendation Form Campus Tour Take AdmissionAbout Us Contact Us

MICROBIOLOGY AN INTRODUCTION (Record no. 31407)

000 -LEADER
fixed length control field 00319nam a2200133Ia 4500
008 - FIXED-LENGTH DATA ELEMENTS--GENERAL INFORMATION
fixed length control field 170620s9999 xx 000 0 und d
020 ## - INTERNATIONAL STANDARD BOOK NUMBER
International Standard Book Number 9.78933E+12
100 ## - MAIN ENTRY--PERSONAL NAME
Personal name TORTORA-GERARD J
245 #0 - TITLE STATEMENT
Title MICROBIOLOGY AN INTRODUCTION
260 ## - PUBLICATION, DISTRIBUTION, ETC.
Name of publisher, distributor, etc. PEARSON
260 ## - PUBLICATION, DISTRIBUTION, ETC.
Date of publication, distribution, etc. 2016
300 ## - PHYSICAL DESCRIPTION
Extent 975
546 ## - LANGUAGE NOTE
Language note English
690 ## - LOCAL SUBJECT ADDED ENTRY--TOPICAL TERM (OCLC, RLIN)
Topical term or geographic name as entry element MICROBIOLOGY AN INTRODUCTION
Holdings
Withdrawn status Lost status Source of classification or shelving scheme Damaged status Not for loan Home library Current library Date acquired Source of acquisition Total Checkouts Barcode Date last seen Price effective from Koha item type
          NOIDA College IIMT College of Pharmacy NOIDA College IIMT College of Pharmacy 01/12/2014 68   12-B-5582 06/26/2017 06/26/2017 Text-Book- for 7 days
          NOIDA College IIMT College of Pharmacy NOIDA College IIMT College of Pharmacy 01/12/2014 68   12-B-5583 06/26/2017 06/26/2017 Text-Book- for 7 days
          NOIDA College IIMT College of Pharmacy NOIDA College IIMT College of Pharmacy 01/12/2014 68   12-B-5584 06/26/2017 06/26/2017 Text-Book- for 7 days
IIMT, Central Library. All Rights Reserved IIMT,UNIVERSITY © 2023
Implemented and Customised by I CLOUDE EMS
You Are OPAC Visitor No
free web counter

Powered by Koha